Patterns of animal diseases
Gardado en:
| Autor Principal: | |
|---|---|
| Formato: | Libro |
| Idioma: | Undetermined |
| Publicado: |
London
Baillière Tindall
1975
|
| Những chủ đề: | |
| Các nhãn: |
Engadir etiqueta
Sen Etiquetas, Sexa o primeiro en etiquetar este rexistro!
|
| Thư viện lưu trữ: | Trung tâm Học liệu Trường Đại học Cần Thơ |
|---|
| LEADER | 00489nam a2200181Ia 4500 | ||
|---|---|---|---|
| 001 | CTU_14006 | ||
| 008 | 210402s9999 xx 000 0 und d | ||
| 082 | |a 636.0896 | ||
| 082 | |b H195 | ||
| 100 | |a B Halpin | ||
| 245 | 0 | |a Patterns of animal diseases | |
| 245 | 0 | |c B Halpin | |
| 260 | |a London | ||
| 260 | |b Baillière Tindall | ||
| 260 | |c 1975 | ||
| 650 | |a animals - diseases,veterinary pathology | ||
| 904 | |i Minh, 961220 | ||
| 980 | |a Trung tâm Học liệu Trường Đại học Cần Thơ | ||